| 000 | 02925nam a2200289 a 4500 | ||
|---|---|---|---|
| 005 | 20260112063238.0 | ||
| 010 | _a2006-285051 | ||
| 020 | _a0195684168 | ||
| 020 | _a9780195684162 | ||
| 039 |
_a200908110549 _bstaff _y 200908110547 _z staff |
||
| 050 |
_a307.14086942091724 _bNAR |
||
| 082 |
_a307.14086942091724 _bNAR |
||
| 245 |
_aMeasuring empowerment : _bcross-disciplinary perspectives / _cDeepa Narayan, editor. |
||
| 260 |
_aNew Delhi ; _aNew York : _bOxford University Press ; _aWashington, D.C. : _bWorld Bank, _c2006, c2005. |
||
| 300 |
_axx, 475 p. : _bill. ; _c23 cm. |
||
| 500 | _aOriginally published: Washington : World Bank, 2005. | ||
| 504 | _aIncludes bibliographical references and index. | ||
| 505 | _aConceptual framework and methodological challenges / Deepa Narayan -- Evaluating empowerment : a framework with cases from Latin America / Patti Petesch, Catalina Smulovitz, and Michael Walton -- Women's empowerment as a variable in international development / Anju Malhotra and Sidney Ruth Schuler -- Measuring women's empowerment : learning from Cross-National Research / Karen Oppenheim Mason -- gender, power, and empowerment : an analysis of household and family dynamics / Joy Deshmukh-Ranadive -- Psychological empowerment and subjective well-being / Ed Diener and Robert Biswas-Diener -- Subjective well-being and objective measures : insecurity and inequality in emerging markets / Carol Graham and Stefano Pettinato -- Self-rated power and welfare in Russia / Michael Lokshin and Martin Ravallion -- Applying Q methodology to empowerment / Steven R. Brown -- Analytical issues in measuring empowerment at the community and local levels / Norman Uphoff -- Peace, conflict, and empowerment : the Colombian case / Caroline Moser -- Measuring empowerment at the community level : an economist's perspective / Asim Ijaz Khwaja -- Mixing qualitative and econometric methods : community-level applications / Vijayendra Rao and Michael Woolcock -- Assessing empowerment at the national level in Eastern Europe and Central Asia / Christiaan Grootaert -- The CIVICUS civil society index / Carmen Malena and Volkhart Finn Heinrich -- Empowerment as a positive-sum game / Stephen Knack -- Democracy and poverty / Ashutosh Varshney -- Empowering the poor : what does democracy have to do with it? / Larry Diamond -- Measuring democratic governance : central tasks and basic problems / Gerardo L. Munck. | ||
| 650 |
_aCommunity development _z Developing countries. |
||
| 650 |
_aPoverty _z Developing countries. |
||
| 700 | _aNarayan-Parker, Deepa. | ||
| 856 |
_Table of contents only _u http://www.loc.gov/catdir/toc/fy0706/2006285051.html |
||
| 856 |
_Publisher description _u http://www.loc.gov/catdir/enhancements/fy0723/2006285051-d.html |
||
| 991 | _aVIRTUA40 | ||
| 991 | _aVTLSSORT0080*0100*0200*0201*0500*0820*2450*2600*3000*5000*5040*5050*6500*6501*7000*8560*8561*9991 | ||
| 909 | _a1504 | ||
| 999 |
_c1485 _d1485 |
||